000 00777cam a2200193Ii 4500
999 _c4686
_d4686
003 OSt
005 20220325133548.0
008 220325b ||||| |||| 00| 0 eng d
035 _a06908411
040 _cALUPE UNIVERSITY
050 9 9 _aTK7868.I
_bT3 1976
110 2 _aTexas Instruments Incorporated.
_bSemiconductor Group.
_0http://id.loc.gov/authorities/names/n79059690
245 1 4 _aThe TTL data book for design engineers /
_c[the Engineering Staff of Texas Instruments Incorporated, Semiconductor Group.
250 _a2d ed.
260 _aDallas, Tex.:
_bTexas Instruments, Inc.,
_c[1976]
300 _a828 p. in various pagings :
_bill. ;
_c25 cm.
650 0 _aTransistor-transistor logic circuits.
_0http://id.loc.gov/authorities/subjects/sh85136934
942 _2lcc
_cBK
_nJO